|
|
|
|
| LEADER |
00000cam a2200000 a 4500 |
| 001 |
78686 |
| 005 |
20230308173209.0 |
| 008 |
000000|1970 ||||||||r|||||||||||spa|| |
| 040 |
|
|
|b spa
|
| 041 |
1 |
|
|a spa
|
| 082 |
0 |
|
|a 321.094
|
| 100 |
1 |
|
|a Puiggrós, Rodolfo
|9 30224
|
| 245 |
|
|
|a América Latina en transición: de las guerrillas colombianas al petróleo de Venezuela
|c Rodolfo Puiggrós
|h imp
|
| 264 |
|
|
|a Buenos Aires
|b Juárez Editor
|c 1970
|
| 300 |
|
|
|a 349 páginas:
|c 19.5 cm
|
| 650 |
1 |
|
|a Guerrillas
|9 68301
|
| 650 |
1 |
|
|a Guerrilla colombiana
|9 68302
|
| 650 |
1 |
|
|a Violencia en colombiareforma agraria ecuatoriana
|9 68303
|
| 650 |
1 |
0 |
|a América Latina
|9 878
|
| 852 |
|
|
|a UC-CDJBV
|c ESTANTERIA CERRADA
|f Compra
|k sara.alvarado
|l 1
|m General
|p 00000000
|r 2
|t 78686
|b 0
|d CDRC
|e CDRC
|g 321.094 ESTANTERIA CERRADA
|z 0000-00-00
|
| 942 |
|
|
|c BK
|
| 999 |
|
|
|c 42513
|d 42513
|